Online
Catalog

Sir Francis Galton, padre de la eugenesia / (Record no. 5010)

MARC details
000 -CABECERA
campo de control de longitud fija 01038nam a2200277 a 4500
001 - NÚMERO DE CONTROL
campo de control 000005208
003 - IDENTIFICADOR DEL NÚMERO DE CONTROL
campo de control OSt
005 - FECHA Y HORA DE LA ÚLTIMA TRANSACCIÓN
campo de control 20200929151617.0
008 - DATOS DE LONGITUD FIJA--INFORMACIÓN GENERAL
campo de control de longitud fija 090818s1985 es ac 001 0 spa d
020 ## - NÚMERO INTERNACIONAL ESTÁNDAR DEL LIBRO
Número Internacional Estándar del Libro 8400061276
040 ## - FUENTE DE LA CATALOGACIÓN
Centro catalogador/agencia de origen DO-SdBNP
Lengua de catalogación spa
Centro/agencia transcriptor BNPHU
082 ## - NÚMERO DE LA CLASIFICACIÓN DECIMAL DEWEY
Número de clasificación 925
Número de documento/Ítem A473s
100 1# - ENTRADA PRINCIPAL--NOMBRE DE PERSONA
Nombre de persona Álvarez Pelaez, Raquel
9 (RLIN) 14878
245 10 - MENCIÓN DE TÍTULO
Título Sir Francis Galton, padre de la eugenesia /
Mención de responsabilidad, etc. Raqul Álvarez Pelaez.
260 ## - PUBLICACIÓN, DISTRIBUCIÓN, ETC.
Lugar de publicación, distribución, etc. Madrid :
Nombre del editor, distribuidor, etc. Consejo Superior de Investigaciones Científicas, Centro de Estudios Históricos,
Fecha de publicación, distribución, etc. 1985.
300 ## - DESCRIPCIÓN FÍSICA
Extensión 185 p. :
Otras características físicas il., retrs. ;
Dimensiones 18 cm.
490 1# - MENCIÓN DE SERIE
Mención de serie Cuadernos de historia de la ciencia;
Designación de volumen o secuencia 4
500 ## - NOTA GENERAL
Nota general Incluye tabla de contenido.
500 ## - NOTA GENERAL
Nota general Incluye referencias bibliográficas y notas a pie de página.
600 14 - PUNTO DE ACCESO ADICIONAL DE MATERIA--NOMBRE DE PERSONA
Nombre de persona GALTON, FRANCIS,
Fechas asociadas al nombre 1822-1911
Subdivisión de forma BIOGRAFÍA
9 (RLIN) 14879
650 #4 - PUNTO DE ACCESO ADICIONAL DE MATERIA--TÉRMINO DE MATERIA
Término de materia o nombre geográfico como elemento de entrada Eugenesia
Subdivisión general Historia
9 (RLIN) 14880
650 #4 - PUNTO DE ACCESO ADICIONAL DE MATERIA--TÉRMINO DE MATERIA
Término de materia o nombre geográfico como elemento de entrada Genetica humana
Subdivisión general Historia
9 (RLIN) 14881
650 #4 - PUNTO DE ACCESO ADICIONAL DE MATERIA--TÉRMINO DE MATERIA
Término de materia o nombre geográfico como elemento de entrada Genetistas
Subdivisión geográfica Inglaterra.
Subdivisión de forma BIOGRAFÍA
9 (RLIN) 14882
830 #0 - PUNTO DE ACCESO ADICIONAL DE SERIE-TÍTULO UNIFORME
Título uniforme Cuadernos de historia de la ciencia;
Designación de volumen o secuencia 4
9 (RLIN) 14883
942 ## - ELEMENTOS DE PUNTO DE ACCESO ADICIONAL (KOHA)
Fuente del sistema de clasificación o colocación Dewey Decimal Classification
Tipo de ítem Koha Libros y folletos
Holdings
Estado de retiro Estado de pérdida Restricciones de uso No para préstamo Código de colección Localización permanente Ubicación/localización actual Ubicación en estantería Fecha de adquisición Número de inventario Total de préstamos Signatura topográfica completa Código de barras Fecha visto por última vez Precio válido a partir de Tipo de ítem Koha
        Monografías: Libros y Folletos General General En catalogación 18.08.2009 LF1   925 A473s 5208-10 25.06.2020 25.06.2020 Préstamo en sala

Powered by Koha